| 000 | 00579cam a22002053a 4500 | ||
|---|---|---|---|
| 001 | 39826 | ||
| 003 | PGUSA | ||
| 005 | 20140828083904.0 | ||
| 008 | 120528s2012||||xxu|||||s|||||000 | eng d | ||
| 040 |
_aPGUSA _beng |
||
| 042 | _adc | ||
| 100 | 1 |
_aPangborn, Edgar, _d1909-1976 |
|
| 245 | 1 | 4 |
_aThe Trial of Callista Blake _h[electronic resource] / _cEdgar Pangborn |
| 260 |
_bProject Gutenberg, _c2012 |
||
| 506 | _aPublic domain in the USA. | ||
| 516 | _aElectronic text | ||
| 830 | 0 |
_aProject Gutenberg _v39826 |
|
| 856 | 4 | 0 | _uhttp://www.gutenberg.org/ebooks/39826 |
| 942 | _cEB | ||
| 999 |
_c269079 _d269079 |
||